|
|
|
|
| LEADER |
00000nab a2200000 a 4500 |
| 001 |
vtls000841274 |
| 003 |
SK-MaSNL |
| 005 |
20260416135034.0 |
| 008 |
180205c2003 xo 0 slo |
| 015 |
|
|
|a SNBRB2003/08-21066
|
| 035 |
|
|
|a CLN000192929
|
| 040 |
|
|
|a SNKBUCL
|b slo
|c SNKBUCL
|e AACR2
|
| 041 |
0 |
|
|a slo
|
| 044 |
|
|
|a xo
|c SK
|
| 080 |
|
|
|a 336.744(4:437.6)
|2 UDC-MRF-SK2
|
| 100 |
1 |
|
|a Brondošová, Jana
|4 aut
|9 842481
|
| 245 |
1 |
0 |
|a Euromince si vyrazíme vlastné
|c Jana Brondošová
|
| 300 |
|
|
|b Fotogr, tab.
|
| 650 |
0 |
7 |
|a jednotná európska mena
|z Slovensko
|2 snkbucl
|9 24608
|
| 655 |
|
7 |
|a články z novín a časopisov
|2 snkbucl
|9 267496
|
| 773 |
0 |
|
|x 1335-440X
|t Sme
|g Roč. 11, č. 145 (25.6.2003), s. 7
|
| 850 |
|
|
|a Slovenská národná knižnica v Martine
|
| 852 |
|
|
|a SNK
|b KIS3GCP
|
| 958 |
|
|
|a RBX
|
| 999 |
|
|
|c 1389331
|d 1391261
|